[Event "SUI-chT"]
[Site "Switzerland"]
[Date "2015.10.11"]
[Round "9.3"]
[White "Kessler, Luca"]
[Black "Kolly, Jacques"]
[Result "1/2-1/2"]
[WhiteElo "2350"]
[BlackElo "2280"]
[PlyCount "147"]
[EventDate "2015.03.29"]
[EventType "team-tourn"]
[EventRounds "9"]
[EventCountry "SUI"]
[SourceTitle "EXT 2017"]
[Source "ChessBase"]
[SourceDate "2016.10.25"]
[SourceVersion "1"]
[SourceVersionDate "2016.10.25"]
[SourceQuality "1"]
[WhiteTeam "Bern Schwarz Weiss"]
[BlackTeam "Neuchatel"]
[WhiteTeamCountry "SUI"]
[BlackTeamCountry "SUI"]

1. e4 e6 2. d4 d5 3. Nd2 Nf6 4. e5 Nfd7 5. Bd3 c5 6. c3 Nc6 7. Ne2 cxd4 8. cxd4 f6 9. exf6 Qxf6 10. Nf3 h6 11. 0-0 Bd6 12. Be3 0-0 13. Nc3 a6 14. Rc1 Rd8 15. Qd2 Ne7 16. Ne2 e5 17. dxe5 Nxe5 18. Nxe5 Bxe5 19. Bd4 Nc6 20. Bxe5 Nxe5 21. b3 Bd7 22. Nd4 Nxd3 23. Qxd3 Rac8 24. Qd2 Be8 25. f3 Bf7 26. Rfe1 Re8 27. Rxc8 Rxc8 28. g3 Re8 29. Rxe8+ Bxe8 30. Qc3 Qe5 31. Kf2 Bd7 32. Ne2 Qd6 33. Qd4 Bc6 34. h4 Qa3 35. Qd2 Qc5+ 36. Nd4 Bd7 37. Kg2 Qc7 38. Qe2 Qd6 39. a4 Qa3 40. g4 Qd6 41. Qe3 Kf7 42. Ne2 Bc6 43. Qd4 Qf6 44. Kg3 g5 45. hxg5 hxg5 46. Qxf6+ Kxf6 47. f4 Bd7 48. a5 Bb5 49. Nd4 Bd7 50. Nf3 gxf4+ 51. Kxf4 Ke6 52. g5 Be8 53. b4 Bg6 54. Ne5 Bb1 55. g6 d4 56. g7 Bh7 57. Nf3 Kd5 58. Nd2 Bg8 59. Kf3 Kc6 60. Ke4 Kb5 61. Kxd4 Kxb4 62. Ne4 Kxa5 63. Nf6 Bf7 64. Kc3 b5 65. g8Q b4+ 66. Kb2 Bxg8 67. Nxg8 Kb5 68. Nf6 Kc4 69. Ne4 a5 70. Nd2+ Kb5 71. Nb1 a4 72. Na3+ Kc5 73. Nc2 b3 74. Na3 1/2-1/2

[Event "SUI-chT"]
[Site "Switzerland"]
[Date "2014.09.07"]
[Round "7.1"]
[White "Kolly, Jacques"]
[Black "Riff, Jean Noel"]
[Result "1/2-1/2"]
[WhiteElo "2262"]
[BlackElo "2450"]
[PlyCount "70"]
[EventDate "2014.03.16"]
[EventType "team-tourn"]
[EventRounds "9"]
[EventCountry "SUI"]
[SourceTitle "EXT 2015"]
[Source "ChessBase"]
[SourceDate "2014.11.20"]
[SourceVersion "1"]
[SourceVersionDate "2014.11.20"]
[SourceQuality "1"]
[WhiteTeam "Neuchatel"]
[BlackTeam "Geneve"]
[WhiteTeamCountry "SUI"]
[BlackTeamCountry "SUI"]

1. d4 e6 2. c4 Nf6 3. Nc3 Bb4 4. Bg5 h6 5. Bh4 c5 6. d5 d6 7. e3 Bxc3+ 8. bxc3 Qe7 9. Nf3 Nbd7 10. Be2 b6 11. 0-0 Bb7 12. dxe6 Qxe6 13. Nd2 0-0 14. Bf3 Bxf3 15. Qxf3 Rfe8 16. Bg3 Rad8 17. Rfd1 Ne5 18. Qe2 Nc6 19. Nb3 Ne4 20. Rac1 Ne5 21. Bxe5 dxe5 22. Nd2 Nxd2 23. Rxd2 Rxd2 24. Qxd2 Qxc4 25. Qd7 Ra8 26. a4 Qe6 27. Qb7 Qc8 28. Qd5 Qe8 29. Qb7 Qd8 30. h3 Rb8 31. Qxa7 Ra8 32. Qb7 Rxa4 33. Rb1 Rc4 34. Rxb6 Rxc3 35. Rc6 Qd1+ 1/2-1/2

[Event "SUI-chT"]
[Site "Switzerland"]
[Date "2014.06.15"]
[Round "4.6"]
[White "Pedrini, Pier Paolo"]
[Black "Kolly, Jacques"]
[Result "1/2-1/2"]
[WhiteElo "1995"]
[BlackElo "2262"]
[PlyCount "106"]
[EventDate "2014.03.16"]
[EventType "team-tourn"]
[EventRounds "9"]
[EventCountry "SUI"]
[SourceTitle "EXT 2015"]
[Source "ChessBase"]
[SourceDate "2014.11.20"]
[SourceVersion "1"]
[SourceVersionDate "2014.11.20"]
[SourceQuality "1"]
[WhiteTeam "Mendrisio"]
[BlackTeam "Neuchatel"]
[WhiteTeamCountry "SUI"]
[BlackTeamCountry "SUI"]

1. d4 d5 2. c4 e6 3. Nc3 f5 4. g3 Nf6 5. Bg2 c6 6. Nh3 Be7 7. 0-0 0-0 8. e3 a5 9. b3 Na6 10. Bb2 Bd7 11. Qe2 Be8 12. Nf4 Bf7 13. Rfd1 Bd6 14. Nd3 Bh5 15. f3 Bf7 16. a3 Rb8 17. c5 Bc7 18. b4 Be8 19. Na4 Ra8 20. Bc3 axb4 21. axb4 Nb8 22. Nab2 Rxa1 23. Rxa1 Nbd7 24. Nf2 e5 25. e4 dxe4 26. fxe4 f4 27. d5 fxg3 28. hxg3 Nh5 29. d6 Bb8 30. Qe3 Bf7 31. Nbd3 Re8 32. Ng4 Ndf6 33. Ngxe5 Be6 34. Ra8 Rf8 35. Nf4 Qe8 36. Nxe6 Qxe6 37. Bf1 Ng4 38. Bc4 Qxc4 39. Nxc4 Nxe3 40. Nxe3 Bxd6 41. Rxf8+ Bxf8 42. Kg2 Be7 43. Nc4 Bd8 44. Bd4 Nf6 45. Nd6 Be7 46. Nxb7 Nxe4 47. Na5 Kf7 48. Nxc6 Bf8 49. Kf3 Ng5+ 50. Ke3 Ke6 51. Kd3 Kd5 52. Ne5 Ne6 53. Bc3 Bxc5 1/2-1/2

[Event "Lugano New op 8th"]
[Site "Lugano"]
[Date "2014.04.19"]
[Round "2"]
[White "Kolly, Jacques"]
[Black "Boschetti, Claudio"]
[Result "1/2-1/2"]
[WhiteElo "2266"]
[BlackElo "2090"]
[PlyCount "106"]
[EventDate "2014.04.18"]
[EventType "swiss"]
[EventRounds "6"]
[EventCountry "SUI"]
[SourceTitle "CBM 159 Extra"]
[Source "ChessBase"]
[SourceDate "2014.04.24"]
[SourceVersion "1"]
[SourceVersionDate "2014.04.24"]
[SourceQuality "1"]

1. d4 Nf6 2. c4 e5 3. dxe5 Ng4 4. Nf3 Bc5 5. e3 Nc6 6. a3 a5 7. b3 0-0 8. Bb2 Re8 9. h3 Ngxe5 10. Nc3 Nxf3+ 11. Qxf3 Ne5 12. Qd5 d6 13. Be2 Qh4 14. Qe4 Qxe4 15. Nxe4 Nxc4 16. Nf6+ gxf6 17. Bxc4 f5 18. 0-0 c6 19. Bd3 Be6 20. Bc2 d5 21. g3 Kf8 22. Be5 Ke7 23. Kg2 f6 24. Bc3 Bd6 25. b4 a4 26. Rfb1 b6 27. Bd1 Rg8 28. Kh2 Be5 29. Bd4 Kd6 30. Bxb6 Bxa1 31. Bc5+ Kd7 32. Rxa1 Rg6 33. Rc1 Rh6 34. h4 Rg6 35. Bd4 Rg4 36. Kg2 Rgg8 37. Bxf6 Kd6 38. Bd4 Bd7 39. Rc3 Ke6 40. Bb6 Kd6 41. Rd3 Ke6 42. Rc3 Kd6 43. Bc5+ Ke6 44. Rd3 Bc8 45. Rd4 Ba6 46. Bc2 Rg7 47. Rf4 Rf7 48. Kh2 Bb5 49. Bd1 Rg8 50. Bh5 Rfg7 51. Bd4 Rg4 52. Bxg4 Rxg4 53. Kg2 Rxf4 1/2-1/2

[Event "SUI-chT"]
[Site "Switzerland"]
[Date "2012.04.29"]
[Round "3.2"]
[White "Hickl, Joerg"]
[Black "Kolly, Jacques"]
[Result "1-0"]
[WhiteElo "2609"]
[BlackElo "2298"]
[PlyCount "93"]
[EventDate "2012.03.18"]
[EventType "team-tourn"]
[EventRounds "9"]
[EventCountry "SUI"]
[SourceTitle "EXT 2013"]
[Source "ChessBase"]
[SourceDate "2012.11.22"]
[SourceVersion "1"]
[SourceVersionDate "2012.11.22"]
[SourceQuality "1"]
[WhiteTeam "Riehen"]
[BlackTeam "Neuchatel"]
[WhiteTeamCountry "SUI"]
[BlackTeamCountry "SUI"]

1. g3 d5 2. Bg2 c6 3. Nf3 g6 4. c4 Bg7 5. Qa4 Nf6 6. cxd5 Nxd5 7. 0-0 0-0 8. d3 Nd7 9. Na3 a5 10. Qc2 Nb4 11. Qb1 b6 12. Bd2 Bb7 13. Nc4 Nd5 14. e4 N5f6 15. Re1 b5 16. Na3 e6 17. Qc2 Rc8 18. Bf4 Re8 19. d4 Qb6 20. Bh3 Qd8 21. Rad1 h6 22. Bg2 g5 23. Bd6 Nb6 24. e5 Nfd5 25. Nd2 Nb4 26. Qb1 N6d5 27. Ne4 Ra8 28. Nc2 Na6 29. Ne3 Nab4 30. Nf1 f5 31. exf6 Nxf6 32. Bc5 Nxe4 33. Bxe4 Qf6 34. Ne3 Red8 35. Ng4 Qf7 36. Bg6 Qf3 37. Ne5 Bxe5 38. Rxe5 Na6 39. Be4 Qf6 40. Bb6 Rf8 41. Rf1 Nb8 42. Bc5 Rf7 43. Bg6 Rg7 44. Bc2 a4 45. Qe1 Bc8 46. f4 Rf7 47. Bd3 1-0

[Event "SUI-chT"]
[Site "Switzerland"]
[Date "2012.03.18"]
[Round "1.3"]
[White "Kolly, Jacques"]
[Black "Gallagher, Joseph G"]
[Result "1/2-1/2"]
[WhiteElo "2298"]
[BlackElo "2514"]
[PlyCount "64"]
[EventDate "2012.03.18"]
[EventType "team-tourn"]
[EventRounds "9"]
[EventCountry "SUI"]
[SourceTitle "CBM 147 Extra"]
[Source "ChessBase"]
[SourceDate "2012.04.24"]
[SourceVersion "1"]
[SourceVersionDate "2012.04.24"]
[SourceQuality "1"]
[WhiteTeam "Neuchatel"]
[BlackTeam "Reti"]
[WhiteTeamCountry "SUI"]
[BlackTeamCountry "SUI"]

1. d4 Nf6 2. c4 g6 3. Nc3 Bg7 4. e4 d6 5. f3 0-0 6. Bg5 c5 7. d5 e6 8. Qd2 exd5 9. cxd5 a6 10. a4 h6 11. Be3 Re8 12. Nge2 Nbd7 13. Bxh6 Nxe4 14. Nxe4 Qh4+ 15. g3 Qxh6 16. Qxh6 Bxh6 17. Nxd6 Re5 18. f4 Rxd5 19. Nxc8 Rxc8 20. Bg2 Rd6 21. Rd1 Rxd1+ 22. Kxd1 Bg7 23. Nc3 c4 24. Kc2 Nc5 25. Re1 b5 26. axb5 axb5 27. Nxb5 Nd3 28. Ra1 Bxb2 29. Ra8 Rxa8 30. Bxa8 Bf6 31. Kd2 Nb4 32. Nc3 Bd4 1/2-1/2

[Event "Lenk op 22nd"]
[Site "Lenk"]
[Date "2010.04.04"]
[Round "5"]
[White "Steenhuis, Jan"]
[Black "Kolly, Jacques"]
[Result "0-1"]
[WhiteElo "2096"]
[BlackElo "2295"]
[PlyCount "68"]
[EventDate "2010.04.01"]
[EventType "swiss"]
[EventRounds "7"]
[EventCountry "SUI"]
[SourceTitle "CBM 135 Extra"]
[Source "ChessBase"]
[SourceDate "2010.05.04"]
[SourceVersion "1"]
[SourceVersionDate "2010.05.04"]
[SourceQuality "1"]

1. e4 e6 2. d4 d5 3. Nc3 Nf6 4. Bg5 Bb4 5. e5 h6 6. Be3 Ne4 7. Qg4 g6 8. a3 Bxc3+ 9. bxc3 Nxc3 10. Bd3 Qe7 11. h4 Bd7 12. h5 g5 13. Ne2 Nxe2 14. Kxe2 Nc6 15. Rhb1 0-0-0 16. Kf1 f5 17. exf6 Qxf6 18. Qe2 Rdf8 19. c4 b6 20. c5 Nxd4 21. Ba6+ Kd8 22. Bxd4 Qxd4 23. cxb6 axb6 24. Rd1 Qf4 25. Rd3 Rf5 26. Rc1 Rhf8 27. Rcd1 Qh2 28. Rh3 Qd6 29. Bd3 Rxf2+ 30. Qxf2 Rxf2+ 31. Kxf2 Qxa3 32. Rf3 Qc5+ 33. Ke2 e5 34. Rf5 Bxf5 0-1

[Event "Lenk op 22nd"]
[Site "Lenk"]
[Date "2010.04.01"]
[Round "1"]
[White "Heinatz, Maria"]
[Black "Kolly, Jacques"]
[Result "0-1"]
[WhiteElo "1917"]
[BlackElo "2295"]
[PlyCount "92"]
[EventDate "2010.04.01"]
[EventType "swiss"]
[EventRounds "7"]
[EventCountry "SUI"]
[SourceTitle "CBM 135 Extra"]
[Source "ChessBase"]
[SourceDate "2010.05.04"]
[SourceVersion "1"]
[SourceVersionDate "2010.05.04"]
[SourceQuality "1"]

1. e4 e6 2. d4 d5 3. Nc3 Nf6 4. e5 Nfd7 5. f4 c5 6. Nf3 Nc6 7. Be3 cxd4 8. Nxd4 Bc5 9. Qd2 a6 10. Be2 Nxd4 11. Bxd4 b5 12. Bxc5 Nxc5 13. Qd4 Qe7 14. 0-0 0-0 15. a4 bxa4 16. Nxa4 Ne4 17. Bd3 Bb7 18. Ra3 Rac8 19. Rfa1 f5 20. Rb3 Rc7 21. Rb6 g5 22. fxg5 Nxg5 23. Nc3 Qg7 24. Kh1 Kh8 25. Ne2 Rg8 26. Nf4 Bc8 27. c3 Ne4 28. Re1 Qh6 29. Bxe4 dxe4 30. Qf2 Rcg7 31. Re3 Rg4 32. g3 Qg7 33. Nxe6 Qxe5 34. Nf4 Rd8 35. Re1 Rg7 36. Rc6 Rc7 37. Qb6 Rcd7 38. Rh6 Kg8 39. Qe6+ Qxe6 40. Nxe6 Rd1 41. Nxd8 Rxe1+ 42. Kg2 Re2+ 43. Kf1 Rxb2 44. Nc6 Kg7 45. Rd6 Rc2 46. Rd8 Be6 0-1

[Event "Martigny op 17th"]
[Site "Martigny"]
[Date "2008.08.02"]
[Round "2"]
[White "Binder, Beat"]
[Black "Kolly, Jacques"]
[Result "0-1"]
[WhiteElo "1978"]
[BlackElo "2311"]
[PlyCount "131"]
[EventDate "2008.08.01"]
[EventType "swiss"]
[EventRounds "9"]
[EventCountry "SUI"]
[SourceTitle "EXT 2009"]
[Source "ChessBase"]
[SourceDate "2008.11.26"]
[SourceVersion "1"]
[SourceVersionDate "2008.11.26"]
[SourceQuality "1"]

1. d4 d5 2. e3 e6 3. Bd3 f5 4. c4 Nf6 5. Nc3 c6 6. f4 Bd6 7. Nf3 0-0 8. c5 Bc7 9. Bd2 Ne4 10. 0-0 Nd7 11. Be1 Qe8 12. b4 Ndf6 13. a4 Nxc3 14. Bxc3 Ne4 15. Be1 Bd7 16. Qb3 b6 17. cxb6 axb6 18. Bc2 c5 19. dxc5 bxc5 20. bxc5 Nxc5 21. Qc3 Bd6 22. a5 Qb8 23. Bd2 Rc8 24. Rfb1 Qc7 25. Qd4 Nb7 26. Bxf5 Nxa5 27. Bxh7+ Kxh7 28. Ng5+ Kg8 29. Qd3 Qc2 30. Qxc2 Rxc2 31. Rxa5 Rd8 32. Be1 d4 33. Ra6 Bc8 34. Ra8 dxe3 35. Nxe6 Re8 36. Nd4 Rc4 37. Ne2 Bxf4 38. Nxf4 Rxf4 39. Rc1 Bd7 40. Rxe8+ Bxe8 41. Bg3 Re4 42. Bd6 Bb5 43. Bg3 Kf7 44. h3 Ke6 45. Rc5 Bc4 46. Ra5 Kf6 47. Kh2 Kg6 48. Kg1 Kf6 49. Kh2 Ke6 50. Kg1 g6 51. Kh2 Bd5 52. Ra6+ Kf7 53. Ra5 Rd4 54. Ra3 Rd2 55. Ra7+ Ke6 56. h4 Kf5 57. Ra5 Rxg2+ 58. Kh3 Rd2 59. h5 g5 60. h6 Kg6 61. Kg4 Rd4+ 62. Kh3 Kxh6 63. Be5 Rd3 64. Kg4 e2 65. Ra6+ Kh7 66. Ra7+ 0-1

[Event "Lenk op 20th"]
[Site "Lenk"]
[Date "2008.03.24"]
[Round "7"]
[White "Lehmann, Marco"]
[Black "Kolly, Jacques"]
[Result "1-0"]
[WhiteElo "2291"]
[BlackElo "2318"]
[PlyCount "73"]
[EventDate "2008.03.20"]
[EventType "swiss"]
[EventRounds "7"]
[EventCountry "SUI"]
[SourceTitle "CBM 123 Extra"]
[Source "ChessBase"]
[SourceDate "2008.05.06"]
[SourceVersion "1"]
[SourceVersionDate "2008.05.06"]
[SourceQuality "1"]

1. e4 e6 2. d3 d5 3. Nd2 c5 4. Ngf3 Nf6 5. g3 b6 6. Bg2 Bb7 7. 0-0 Be7 8. e5 Nfd7 9. Re1 Qc7 10. h4 Nc6 11. Qe2 h6 12. h5 0-0-0 13. c3 Rdg8 14. a3 g6 15. hxg6 Rxg6 16. b4 h5 17. Nf1 h4 18. Bf4 hxg3 19. Bxg3 Rgh6 20. Qe3 d4 21. Qf4 dxc3 22. N1h2 cxb4 23. axb4 Bxb4 24. d4 Nf8 25. Ng4 Rh5 26. Nf6 Rf5 27. Qg4 Rxf6 28. exf6 Bd6 29. d5 Bxg3 30. dxc6 Bh2+ 31. Nxh2 Qxh2+ 32. Kf1 Bxc6 33. Bxc6 a5 34. Bg2 Nd7 35. Rac1 Nxf6 36. Rxc3+ Kb8 37. Qd4 1-0

[Event "Bern Hotel op 1st"]
[Site "Bern"]
[Date "2006.12.26"]
[Round "6"]
[White "Kolly, Jacques"]
[Black "Schaffner, David"]
[Result "1-0"]
[WhiteElo "2227"]
[BlackElo "1993"]
[PlyCount "79"]
[EventDate "2006.12.26"]
[EventType "swiss"]
[EventRounds "7"]
[EventCountry "SUI"]
[SourceTitle "CBM 116 Extra"]
[Source "ChessBase"]
[SourceDate "2007.03.07"]
[SourceVersion "1"]
[SourceVersionDate "2007.03.07"]
[SourceQuality "1"]

1. d4 Nf6 2. c4 g6 3. Nc3 Bg7 4. e4 d6 5. f3 0-0 6. Bg5 c5 7. d5 e6 8. Qd2 exd5 9. cxd5 h6 10. Be3 a6 11. a4 Nbd7 12. Nh3 Ne5 13. Nf2 Kh7 14. Be2 Qa5 15. 0-0 Qb4 16. a5 Nc4 17. Bxc4 Qxc4 18. Qc2 Bd7 19. b3 Qb4 20. Nd3 Ng4 21. Nxb4 Nxe3 22. Qd2 Nxf1 23. Rxf1 cxb4 24. Ne2 Rac8 25. Nd4 Rc3 26. Rd1 Be5 27. f4 Bf6 28. Re1 Rfc8 29. e5 Be7 30. e6 fxe6 31. dxe6 Bc6 32. f5 Bg5 33. fxg6+ Kxg6 34. Qf2 Be8 35. h4 Bf6 36. h5+ Kg7 37. Nf5+ Kh8 38. Nxd6 Be7 39. Qd4+ Kg8 40. Qg4+ 1-0

[Event "Biel MTO op"]
[Site "Biel"]
[Date "2004.07.21"]
[Round "3"]
[White "Kolly, Jacques"]
[Black "Wippermann, Till"]
[Result "1/2-1/2"]
[WhiteElo "2265"]
[BlackElo "2427"]
[PlyCount "80"]
[EventDate "2004.07.19"]
[EventType "swiss"]
[EventRounds "11"]
[EventCountry "SUI"]
[SourceTitle "CBM 101 Extra"]
[Source "ChessBase"]
[SourceDate "2004.09.01"]
[SourceVersion "2"]
[SourceVersionDate "2004.09.01"]
[SourceQuality "1"]

1. d4 Nf6 2. c4 e5 3. dxe5 Ng4 4. Bf4 Bb4+ 5. Nd2 Nc6 6. Ngf3 Qe7 7. a3 Ngxe5 8. Nxe5 Nxe5 9. e3 Bxd2+ 10. Qxd2 d6 11. Be2 0-0 12. 0-0 b6 13. Bg3 Bb7 14. b4 Nd7 15. Rac1 a5 16. Qd1 axb4 17. axb4 Nf6 18. Bh4 Qe5 19. Qd4 Qxd4 20. exd4 Rfe8 21. Rfe1 Ra4 22. b5 Re4 23. Bxf6 gxf6 24. d5 Bc8 25. f3 Re7 26. Bd3 Rxe1+ 27. Rxe1 Kf8 28. Kf2 Ra2+ 29. Re2 Rxe2+ 30. Kxe2 f5 31. Ke3 Kg7 32. Kf4 Kf6 33. h4 h6 34. g3 Bd7 35. Bf1 Bc8 36. Bh3 Bd7 37. Bf1 Bc8 38. Bd3 Bd7 39. g4 Bc8 40. Be2 Bd7 1/2-1/2

[Event "Biel MTO op"]
[Site "Biel"]
[Date "2004.07.19"]
[Round "1"]
[White "Kolly, Jacques"]
[Black "Rustemov, Alexander"]
[Result "0-1"]
[WhiteElo "2265"]
[BlackElo "2589"]
[PlyCount "80"]
[EventDate "2004.07.19"]
[EventType "swiss"]
[EventRounds "11"]
[EventCountry "SUI"]
[SourceTitle "CBM 101 Extra"]
[Source "ChessBase"]
[SourceDate "2004.09.01"]
[SourceVersion "2"]
[SourceVersionDate "2004.09.01"]
[SourceQuality "1"]

1. d4 f5 2. c4 Nf6 3. Nc3 e6 4. Nf3 Bb4 5. Bd2 0-0 6. e3 b6 7. Bd3 Bb7 8. Qc2 Bxc3 9. Bxc3 Ne4 10. 0-0 d6 11. Nd2 Nxc3 12. bxc3 Qg5 13. e4 f4 14. f3 e5 15. c5 dxc5 16. dxc5 Qe7 17. cxb6 axb6 18. a4 Nc6 19. Bc4+ Kh8 20. Bd5 Qc5+ 21. Kh1 Nb4 22. Qb2 Nxd5 23. exd5 Bxd5 24. Rfe1 Bc6 25. Ne4 Qc4 26. Nd2 Qd3 27. Rxe5 Rfe8 28. Ree1 Re2 29. Rxe2 Qxe2 30. Qc1 Rd8 31. Ne4 Bxe4 32. fxe4 f3 33. Qf1 fxg2+ 34. Qxg2 Rd1+ 35. Rxd1 Qxd1+ 36. Qg1 Qxg1+ 37. Kxg1 g5 38. Kf2 Kg7 39. Kf3 h5 40. e5 Kf7 0-1

[Event "Zuerich op-A 27th"]
[Site "Zuerich"]
[Date "2003.??.??"]
[Round "4"]
[White "Kolly, Jacques"]
[Black "Schmid, Wolfgang"]
[Result "1-0"]
[WhiteElo "2231"]
[BlackElo "2193"]
[PlyCount "41"]
[EventDate "2003.12.26"]
[EventType "swiss"]
[EventRounds "7"]
[EventCountry "SUI"]
[SourceTitle "CBM 097 Extra"]
[Source "ChessBase"]
[SourceDate "2004.01.13"]
[SourceVersion "1"]
[SourceVersionDate "2004.01.13"]
[SourceQuality "1"]

1. d4 g6 2. c4 Bg7 3. Nc3 c5 4. d5 Bxc3+ 5. bxc3 f5 6. e4 fxe4 7. f3 d6 8. fxe4 Qa5 9. Qc2 Nd7 10. Nf3 Ngf6 11. Bd3 Ng4 12. 0-0 Nde5 13. Bf4 Nxf3+ 14. Rxf3 Bd7 15. e5 dxe5 16. Bg3 0-0-0 17. h3 Nf6 18. Bxe5 Rhe8 19. Rb1 Qa6 20. Qf2 b6 21. Qxc5+ 1-0

[Event "Biel MTO op"]
[Site "Biel"]
[Date "2002.08.01"]
[Round "10"]
[White "Rodic, Donjan"]
[Black "Kolly, Jacques"]
[Result "1-0"]
[WhiteElo "2124"]
[BlackElo "2236"]
[PlyCount "69"]
[EventDate "2002.07.22"]
[EventType "swiss"]
[EventRounds "11"]
[EventCountry "SUI"]
[SourceTitle "EXT 2003"]
[Source "ChessBase"]
[SourceDate "2002.11.25"]
[SourceVersion "1"]
[SourceVersionDate "2002.11.25"]
[SourceQuality "1"]

1. d4 d5 2. Nf3 e6 3. c4 f5 4. Nc3 Nf6 5. Bf4 c6 6. e3 Be7 7. Bd3 0-0 8. 0-0 Ne4 9. Nd2 g5 10. Bxb8 Rxb8 11. f3 Nd6 12. c5 Nf7 13. f4 g4 14. b4 Kh8 15. Qc2 b6 16. a4 a5 17. Rfb1 Bd7 18. cxb6 axb4 19. a5 bxc3 20. Qxc3 Nd6 21. Nb3 Nb5 22. Bxb5 cxb5 23. Nc5 Kg8 24. Qd3 Bxc5 25. dxc5 Qe7 26. Rxb5 Rfc8 27. a6 Bxb5 28. Qxb5 Rxc5 29. Qb3 Qf6 30. Rb1 Ra5 31. a7 Ra8 32. b7 R8xa7 33. b8Q+ Kf7 34. Q3b6 Qe7 35. Q6d8 1-0

[Event "Biel MTO op"]
[Site "Biel"]
[Date "2002.07.30"]
[Round "8"]
[White "Cochet, Jean Daniel"]
[Black "Kolly, Jacques"]
[Result "1-0"]
[WhiteElo "2068"]
[BlackElo "2236"]
[PlyCount "81"]
[EventDate "2002.07.22"]
[EventType "swiss"]
[EventRounds "11"]
[EventCountry "SUI"]
[SourceTitle "EXT 2003"]
[Source "ChessBase"]
[SourceDate "2002.11.25"]
[SourceVersion "1"]
[SourceVersionDate "2002.11.25"]
[SourceQuality "1"]

1. d4 d5 2. Nc3 e6 3. e4 Nf6 4. Bg5 Bb4 5. e5 h6 6. Bd2 Bxc3 7. bxc3 Ne4 8. Qg4 g6 9. Bd3 Nxd2 10. Kxd2 c5 11. Nf3 Qc7 12. h4 c4 13. Be2 Bd7 14. Qf4 f5 15. g4 Nc6 16. gxf5 gxf5 17. Rhg1 0-0-0 18. Rg6 h5 19. Ng5 Rdg8 20. Rxg8+ Rxg8 21. Bxh5 Rh8 22. Bf3 Qd8 23. h5 Qf8 24. Rg1 Nd8 25. Nh3 Nf7 26. Rg6 Nd8 27. Qg5 Be8 28. Rf6 Qg8 29. Qxg8 Rxg8 30. Nf4 Kd7 31. h6 Rh8 32. Ng6 Bxg6 33. Rxg6 Ke7 34. Bh5 Kf8 35. Ke3 Rh7 36. Kf4 Nf7 37. Rxe6 Nxh6 38. Re8+ Kg7 39. Re7+ Kg8 40. Rxh7 Kxh7 41. Bf3 1-0

[Event "Biel MTO op"]
[Site "Biel"]
[Date "2002.07.29"]
[Round "7"]
[White "Kolly, Jacques"]
[Black "Speck, Hans"]
[Result "0-1"]
[WhiteElo "2236"]
[BlackElo "2086"]
[PlyCount "108"]
[EventDate "2002.07.22"]
[EventType "swiss"]
[EventRounds "11"]
[EventCountry "SUI"]
[SourceTitle "EXT 2003"]
[Source "ChessBase"]
[SourceDate "2002.11.25"]
[SourceVersion "1"]
[SourceVersionDate "2002.11.25"]
[SourceQuality "1"]

1. d4 d5 2. c4 e6 3. Nc3 f5 4. Bf4 c6 5. Nf3 Nf6 6. e3 Be7 7. Bd3 Ne4 8. Qc2 Nd7 9. h3 Qa5 10. 0-0 0-0 11. Ne5 Nxe5 12. Bxe5 Bf6 13. Bh2 Bg5 14. Rae1 Bd7 15. f3 Nxc3 16. bxc3 Rae8 17. e4 h6 18. Bd6 fxe4 19. fxe4 Be7 20. Be5 Qd8 21. exd5 exd5 22. Bh7+ Kh8 23. Bxg7+ Kxg7 24. Qg6+ Kh8 25. Qxh6 Bg5 26. Rxe8 Rxe8 27. Qh5 Be3+ 28. Kh1 Qg5 29. Bg6+ Qxh5 30. Bxh5 Rd8 31. Rb1 b6 32. cxd5 cxd5 33. Bf3 Bd2 34. Bxd5 Bxc3 35. Be4 Bxd4 36. Rd1 Be6 37. a3 Kg7 38. g4 Kf6 39. Kg2 Ke5 40. Bf3 Bd5 41. Re1+ Kf4 42. Rf1 Bxf3+ 43. Rxf3+ Kg5 44. Rf5+ Kg6 45. a4 a5 46. Kf3 Bc5 47. Rf4 Rd3+ 48. Kg2 Rd4 49. Rxd4 Bxd4 50. Kf3 Kg5 51. Ke4 Bf2 52. Kd5 Kh4 53. Kc4 Be3 54. Kd3 Bh6 0-1

[Event "Casino op"]
[Site "Interlaken"]
[Date "2001.12.28"]
[Round "4"]
[White "Rausis, Igors"]
[Black "Kolly, Jacques"]
[Result "1-0"]
[WhiteElo "2466"]
[BlackElo "2207"]
[PlyCount "71"]
[EventDate "2001.12.26"]
[EventType "swiss"]
[EventRounds "7"]
[EventCountry "SUI"]
[SourceTitle "EXT 2003"]
[Source "ChessBase"]
[SourceDate "2002.11.25"]
[SourceVersion "1"]
[SourceVersionDate "2002.11.25"]
[SourceQuality "1"]

1. d4 d5 2. c4 e6 3. Nf3 f5 4. Nc3 c6 5. Bf4 Nf6 6. e3 Be7 7. Bd3 0-0 8. Qc2 Ne4 9. g4 Qa5 10. gxf5 exf5 11. cxd5 cxd5 12. Ke2 Nxc3+ 13. bxc3 Nc6 14. Qb3 Kh8 15. h4 Qd8 16. h5 Bf6 17. Rag1 a6 18. Qb1 Qa5 19. Nh4 Bxh4 20. Rxh4 Rf7 21. c4 Bd7 22. h6 g6 23. c5 Re8 24. Kf3 Nb4 25. Be5+ Rxe5 26. dxe5 Nc6 27. Ke2 Qxc5 28. Qxb7 Qe7 29. Qb2 Kg8 30. Ra4 Nxe5 31. Rxa6 f4 32. Ra8+ Be8 33. Bb5 Nd7 34. Rc1 fxe3 35. f3 Rf8 36. Qg7+ 1-0

[Event "Bern Ambassador op"]
[Site "Bern"]
[Date "2000.12.28"]
[Round "4"]
[White "Kolly, Jacques"]
[Black "De Andres, Jesus"]
[Result "1-0"]
[WhiteElo "2199"]
[BlackElo "2038"]
[PlyCount "23"]
[EventDate "2000.12.26"]
[EventType "swiss"]
[EventRounds "7"]
[EventCountry "SUI"]
[SourceTitle "EXT 2002"]
[Source "ChessBase"]
[SourceDate "2001.11.25"]
[SourceVersion "1"]
[SourceVersionDate "2001.11.25"]
[SourceQuality "1"]

1. c4 Nf6 2. d4 g6 3. Nc3 Bg7 4. e4 d6 5. f3 Nbd7 6. Bg5 c5 7. d5 h6 8. Be3 Qa5 9. Qd2 a6 10. a4 Nb6 11. Qc2 Qb4 12. a5 1-0

[Event "Bern Ambassador op"]
[Site "Bern"]
[Date "2000.12.27"]
[Round "3"]
[White "Franzoni, Giancarlo"]
[Black "Kolly, Jacques"]
[Result "1/2-1/2"]
[WhiteElo "2430"]
[BlackElo "2199"]
[PlyCount "89"]
[EventDate "2000.12.26"]
[EventType "swiss"]
[EventRounds "7"]
[EventCountry "SUI"]
[SourceTitle "EXT 2002"]
[Source "ChessBase"]
[SourceDate "2001.11.25"]
[SourceVersion "1"]
[SourceVersionDate "2001.11.25"]
[SourceQuality "1"]

1. e4 e6 2. d4 d5 3. Nc3 Nf6 4. e5 Nfd7 5. f4 c5 6. Nf3 Nc6 7. Be3 a6 8. Qd2 b5 9. dxc5 Nxc5 10. Qf2 b4 11. Bxc5 bxc3 12. b3 Be7 13. Bxe7 Qxe7 14. Bd3 Bb7 15. 0-0 g6 16. a3 h5 17. b4 0-0 18. Rfb1 Rfc8 19. Rb3 Rc7 20. Nd4 Nxd4 21. Qxd4 Rac8 22. a4 Qh4 23. Rf1 Qg4 24. Rbb1 Qh4 25. b5 axb5 26. axb5 Qd8 27. Rb3 Rc5 28. Ra1 Qc7 29. h3 Rd8 30. Rb4 Rc8 31. Kh2 Kg7 32. b6 Qc6 33. Ra7 Rb8 34. Ba6 Bxa6 35. Rxa6 Rb5 36. h4 Kg8 37. Kg3 Kg7 38. Kf2 Kg8 39. Kg3 Kg7 40. Kf2 Kg8 41. g3 Kg7 42. Rxb5 Qxb5 43. Ra3 Qb1 44. Rxc3 Rxb6 45. Rc8 1/2-1/2